Network Security : (Record no. 15004)
[ view plain ]
| 000 -LEADER | |
|---|---|
| fixed length control field | 01756cam a22003615a 4500 |
| 001 - CONTROL NUMBER | |
| control field | 12841278 |
| 005 - DATE AND TIME OF LATEST TRANSACTION | |
| control field | 20080313133728.0 |
| 008 - FIXED-LENGTH DATA ELEMENTS--GENERAL INFORMATION | |
| fixed length control field | 020702s2002 nju b 001 0 eng |
| 010 ## - LIBRARY OF CONGRESS CONTROL NUMBER | |
| LC control number | 2002281070 |
| 020 ## - INTERNATIONAL STANDARD BOOK NUMBER | |
| International Standard Book Number | 0130460192 |
| 020 ## - INTERNATIONAL STANDARD BOOK NUMBER | |
| International Standard Book Number | 9780130460196 |
| 040 ## - CATALOGING SOURCE | |
| Original cataloging agency | DLC |
| Transcribing agency | DLC |
| Modifying agency | DLC |
| 050 00 - LIBRARY OF CONGRESS CALL NUMBER | |
| Classification number | QA76.9.A25 |
| Item number | K39 2002 |
| 082 00 - DEWEY DECIMAL CLASSIFICATION NUMBER | |
| Classification number | 005.8 |
| Edition number | 22 |
| Item number | KAU |
| 100 1# - MAIN ENTRY--PERSONAL NAME | |
| Personal name | Kaufman, Charlie. |
| 9 (RLIN) | 22548 |
| 245 10 - TITLE STATEMENT | |
| Title | Network Security : |
| Remainder of title | Private Communication in a Public World / |
| Statement of responsibility, etc | Charlie Kaufman, Radia Perlman, Mike Speciner. |
| 250 ## - EDITION STATEMENT | |
| Edition statement | 2nd ed. |
| 260 ## - PUBLICATION, DISTRIBUTION, ETC. (IMPRINT) | |
| Place of publication, distribution, etc | Upper Saddle River, NJ : |
| Name of publisher, distributor, etc | Prentice Hall PTR, 2002 |
| Date of publication, distribution, etc | c2002. |
| 300 ## - PHYSICAL DESCRIPTION | |
| Extent | xxvi, 713 p. : |
| Other physical details | ill. ; |
| Dimensions | 25 cm. |
| 490 ## - Series Statement | |
| -- | 22555 |
| Series statement | Prentice Hall Series in Computer Networking and Distributed Systems |
| 504 ## - BIBLIOGRAPHY, ETC. NOTE | |
| Bibliography, etc | Includes bibliographical references (p. 675-684) and indexes. |
| 650 #0 - SUBJECT ADDED ENTRY--TOPICAL TERM | |
| Topical term or geographic name as entry element | Computer security. |
| 9 (RLIN) | 22549 |
| 650 #0 - SUBJECT ADDED ENTRY--TOPICAL TERM | |
| Topical term or geographic name as entry element | Computers |
| General subdivision | Access control. |
| 9 (RLIN) | 22550 |
| 650 #0 - SUBJECT ADDED ENTRY--TOPICAL TERM | |
| Topical term or geographic name as entry element | Electronic data processing departments |
| General subdivision | Security measures. |
| 9 (RLIN) | 22551 |
| 650 #0 - SUBJECT ADDED ENTRY--TOPICAL TERM | |
| Topical term or geographic name as entry element | Computer networks |
| General subdivision | Security measures. |
| 9 (RLIN) | 22552 |
| 700 1# - ADDED ENTRY--PERSONAL NAME | |
| Personal name | Perlman, Radia. |
| 9 (RLIN) | 22553 |
| 700 1# - ADDED ENTRY--PERSONAL NAME | |
| Personal name | Speciner, Michael. |
| 9 (RLIN) | 22554 |
| 942 ## - ADDED ENTRY ELEMENTS (KOHA) | |
| Source of classification or shelving scheme | Dewey Decimal Classification |
| Item type | NB - Book (Non borrowing) |
| Withdrawn status | Item status | Source of classification or shelving scheme | Damaged status | Not for loan | Vendor | Home library | Current library | Shelving location | Date acquired | Source of acquisition | Total Checkouts | Full call number | Barcode | Date last seen | Koha item type | Total Renewals | Date last borrowed |
|---|---|---|---|---|---|---|---|---|---|---|---|---|---|---|---|---|---|
| Dewey Decimal Classification | Baccah | Central Library | Central Library | Lower Floor | 13/03/2011 | 005.8 KAU | 000022940 | 15/07/2025 | NB - Book (Non borrowing) | ||||||||
| Dewey Decimal Classification | Baccah | Central Library | Central Library | Lower Floor | 13/03/2011 | 2 | 005.8 KAU | 000022938 | 15/07/2025 | Book - Borrowing | 3 | 23/05/2011 | |||||
| Dewey Decimal Classification | Baccah | Central Library | Central Library | Lower Floor | 13/03/2011 | 2 | 005.8 KAU | 000022939 | 15/07/2025 | Book - Borrowing | 18/10/2016 |